Quizzes
Events
Quiz Creation
Community
Videos
Private Events
Remove Ads
Sign In
Join for FREE
Feedback
Dark Mode
Quiz Categories
Sports
Geography
Music
Movies
Television
Just For Fun
Miscellaneous
History
Literature
Language
Science
Gaming
Entertainment
Religion
Holiday
For Kids
Quiz Lab
Recent
Popular Today
Quiz Kudos Today
Editor Picks
Curator Picks
Quizzes by...
Day
Popularity
Type
Ratings
Length
Year
Community
Subscriptions
Recent Discussions
Orange Saloon
Badges
Playlists
Quests
Create
Leaderboards
Showdown
Live 5
Trivia Bingo
Activity
Puzzle Library
Sporcle Events
Private Events
Virtual Trivia
Globe League
Become a Host
Pub Owners
SporcleCon
Opinionation
Our Games
Videos
Blog
Mobile Apps
Partnerships
Remove Ads and Go Orange
Feedback
Music
Pop Music
The Beatles
Song
Album
Lyrics
Bands
Singers
Artist
Clip
Rock
Rap
Classical
Billboard
Country Music
Kpop
Taylor Swift
Music
Pop Music
The Beatles
Song
Album
Lyrics
Bands
Singers
Artist
Clip
Rock
Rap
Classical
Billboard
Country Music
Kpop
Taylor Swift
Random Quiz
Search Sporcle
×
Quiz Lab
Quiz Lab
Music
Song
Type in answers that appear in a list
Type in answers that appear in a list
Classic
Best Score? Go Orange.
Van Halen Songs Stats
Can you name the Van Halen Songs?
By
Stev007up
12m
127 Questions
5,636 Plays
5,636 Plays
5,636 Plays
Comments
Comments
Give Quiz Kudos
Give Quiz Kudos
-
- Ratings
hide this ad
Replay
Link that replays current quiz
Next Quiz
Link to next quiz in quiz playlist
You Got
0%
They Got
Avg Score
52%
Avg Friend Score
Upgrade to see
Score Distribution
Jump to the score distribution portion of the page
Score
0/127
Timer
12:00
0
Plays Today
% Correct
Jump
93.4%
Eruption
93%
Panama
91.7%
Runnin' With the Devil
89.7%
Hot for Teacher
88.4%
You Really Got Me
87.1%
Ice Cream Man
84.8%
1984
83.4%
Ain't Talkin' 'Bout Love
81.7%
Dance the Night Away
81.2%
Jamie's Cryin'
80.8%
Unchained
80.3%
(Oh) Pretty Woman
78.8%
Beautiful Girls
76.3%
5150
75.7%
And the Cradle Will Rock...
75.5%
Mean Street
74.7%
I'll Wait
73.7%
Atomic Punk
73.4%
Dreams
73.3%
Why Can't This Be Love
72.8%
Poundcake
71.9%
Everybody Wants Some!!
71.8%
Drop Dead Legs
71.1%
Little Guitars
70.7%
Top Jimmy
70.7%
Spanish Fly
69%
Right Now
68%
Dancing in the Street
67.3%
On Fire
66.1%
Love Walks In
65%
Tattoo
63.6%
When It's Love
63.2%
Somebody Get Me a Doctor
63.1%
D.O.A.
62.8%
I'm the One
62.5%
House of Pain
61.8%
Happy Trails
60.8%
Summer Nights
60.7%
Big Bad Bill (Is Sweet William Now)
60.5%
Cathedral
60.1%
Feel Your Love Tonight
60%
You're No Good
60%
% Correct
Little Dreamer
59.5%
Where Have All the Good Times Gone!
58.9%
Best of Both Worlds
58.9%
'Dirty Movies'
58.3%
Top of the World
57.1%
Finish What Ya Started
56.5%
Intruder
56.4%
Romeo Delight
56%
Cabo Wabo
55.6%
Tora! Tora!
55.5%
Women in Love...
55.5%
Girl Gone Bad
55%
So This Is Love?
54.5%
Black and Blue
54.5%
Little Guitars (Intro)
54.4%
Take Your Whiskey Home
53.8%
Sinner's Swing!
53.6%
Light Up the Sky
52.4%
Runaround
51.6%
Bottoms Up!
51.5%
Good Enough
51.2%
Sunday Afternoon in the Park
51.1%
Hear About It Later
50.8%
Inside
50.5%
The Full Bug
50.3%
316
50.3%
Get Up
50.2%
Can't Stop Lovin' You
49.5%
Hang 'em High
49.1%
Fools
48.8%
Secrets
48.3%
Could This Be Magic?
48%
In a Simple Rhyme
47.5%
One Foot Out the Door
47.4%
Amsterdam
46.9%
Loss of Control
45.7%
Judgement Day
44.9%
Push Comes to Shove
44.4%
Feels So Good
44.2%
Don't Tell Me (What Love Can Do)
44.1%
Mine All Mine
43.9%
A Apolitical Blues
43.3%
Outta Love Again
42.9%
% Correct
Pleasure Dome
42.7%
Spanked
42.5%
She's the Woman
42.5%
A.F.U. (Naturally Wired)
42.1%
China Town
42%
Sucker in a 3 Piece
42%
The Seventh Seal
41.3%
Stay Frosty
40.1%
Not Enough
39.7%
Man on a Mission
39.3%
In 'n' Out
39.3%
Without You
38.7%
The Dream Is Over
38.4%
Source of Infection
36.3%
Fire in the Hole
34%
Feelin'
34%
Big Fat Money
33.8%
Josephina
33.7%
Take Me Back (Deja Vu)
33.3%
Honeybabysweetiedoll
32.9%
Big River
32.3%
Neworld
32.2%
How Many Say I
32.2%
Beats Workin
31.8%
Bullethead
31.7%
You and Your Blues
31.2%
Aftershock
31%
Ballot or Bullet
30.6%
Strung Out
30.3%
Blood and Fire
29.7%
As Is
29.7%
Outta Space
29.3%
Dirty Water Dog
28.9%
Baluchitherium
28.6%
Doin' Time
27.9%
Once
27.1%
The Trouble with Never
25.8%
Year to the Day
23.8%
One I Want
23.8%
Primary
22.6%
From Afar
22.1%
Quiz Playlist
Details
Report
Send in Message
Add To Playlist
Classic:
Type in answers that appear in a list
Last Updated: Feb 16, 2017
Quiz Scoreboard
CHALLENGE
Sign Up to Join the Scoreboard
Show All
Scores
Hide
Comments
May contain spoilers
Recently Published
Click the 1999 NBA Draft
by nibperrychub
Sports
2m
Alphabetical 'K' Countries by Flag Minefield
by ylime102
Geography
3m
Pick 6: Fruits
by JohnFran
Miscellaneous
15s
More to Explore
Quiz From the Vault
Featured Blog Post
15 Basketball Trivia Facts You Can Be March Mad About
hide this ad
You Might Also Like...
Tags
Rock Quiz
Song Quiz
Classic Rock
halen
Rock and Roll Hall of Fame
Sammy Hagar
Van
Van Halen
Today's Top Quizzes in Music
Browse Music
hide this ad
Today's Top Quizzes in Song
Browse Song
Top Contributed Quizzes in Music
1
Taylor Swift All Songs (2024)
2
A Taylor Swift Logic Puzzle
3
KPOP LOGIC QUIZ
4
Taylor Swift Logic Puzzle
5
NCT 2020 Logic Puzzle
6
Guess the Taylor Swift song (Mystery Song)
7
Joni Mitchell—'Car on a Hill' Lyrics
8
Guess The Taylor Swift Lyrics Song #1
9
Lana Del Rey songs - match the song with the album
10
kpop group name match up
Explore More
Trending Topics
NBA
Anime
Crossword
Kpop
Marvel
Harry Potter
Disney
Soccer
Pokémon
Country
WWE
NFL
Puzzle
The Office
Song
hide this ad
More By:
Stev007up
Quiz
Plays
Rating
Category
Featured
Created
Wes Craven Movies
15,285
3.91
Movies
Oct 8, 2009
Van Halen Songs
5,636
4.92
Music
Oct 21, 2009
Wrestlemania 2000 Characters (N64)
3,044
3.50
Gaming
Nov 16, 2009
Beach Boys Opening Lyrics
1,638
4.67
Music
Oct 7, 2009
Cheap Trick Songs
1,171
4.00
Music
Oct 7, 2009
Go to Creator's Profile
Score Distribution
Quiz Creator Spotlight
Stev007up
Follow
Send a Message
Quizzes Created
-
Created Quiz Play Count
-
More By This Creator
Popular Quizzes Today
1
Find the US States - No Outlines Minefield
2
Countries of Asia Without Outlines Minefield
3
Pick 6: Fruits
4
The Countries of the World
5
Alphabetical 'K' Countries by Flag Minefield
6
Click the 1999 NBA Draft
7
Match the Book to the Film X
8
Find the US States
More Music Quizzes
The Wiggles or Metallica?
Published
Trending Quizzes
Pick 6: Harry Potter
Pick 6: Mountains
Pick 6: NFL Teams
Pick 6: Movie Franchises
Pick 6: Golfers
Recently Updated
Women's Final Four Teams by Year
bhenderson79
Presidents Quartet II
eogle
Anything But Clue(do)
eogle
Anything But Oceanian Capitals
eogle
Anything But 7
eogle
Anything But Thing
eogle
Word Ladder: February 29
pecheneg
Song Title Questions
pecheneg
Women's NCAA Tournament #1 Seeds
pecheneg
Celebrity Mug Shots
pecheneg
Trending Topics
Kpop
Marvel
Anime
Harry Potter
Disney
NBA
Crossword
Soccer
NFL
Pokémon
Country
Puzzle
WWE
The Office
Song
Your Account Isn't Verified!
In order to create a playlist on Sporcle, you need to verify the email address you used during registration. Go to your
Sporcle Settings
to finish the process.
Report this User
Report this user for behavior that violates our
Community Guidelines
.
Details:
Send Report
Go to the Sporcle.com Mobile Site →
Comments